000 00632nam a2200217Ia 4500
003 OSt
005 20220928141305.0
006 a|||||r|||| 00| 0
007 ta
008 220927b |||||||| |||| 00| 0 eng d
024 _a14273
037 _cTextual
040 _aSDCL
_cSDCL
_beng
041 _2eng
_aeng
082 _aWvM18, K3.1
100 _aPlamennatz John
_9499530
245 0 _aMan and society
_bA critical examination of some important social and political theories from Machiavelli to Marx. V1
260 _c1963
942 _hWvM18, K3.1
_cTEXL
_2CC
999 _c816682
_d816682